Cryptography and networks security (Record no. 5126)
[ view plain ]
| 000 -LEADER | |
|---|---|
| fixed length control field | 00487nam a2200181Ia 4500 |
| 008 - FIXED-LENGTH DATA ELEMENTS--GENERAL INFORMATION | |
| fixed length control field | 230711s9999||||xx |||||||||||||| ||und|| |
| 020 ## - INTERNATIONAL STANDARD BOOK NUMBER | |
| International Standard Book Number | 978-93-392-2094-5 |
| 041 ## - LANGUAGE CODE | |
| Language code of text/sound track or separate title | ENG |
| 082 ## - DEWEY DECIMAL CLASSIFICATION NUMBER | |
| Classification number | 4.6 |
| Item number | FO-C |
| 100 ## - MAIN ENTRY--PERSONAL NAME | |
| Personal name | Forouzan,Behrouz A |
| 245 #0 - TITLE STATEMENT | |
| Title | Cryptography and networks security |
| 250 ## - EDITION STATEMENT | |
| Edition statement | 3rd Ed. |
| 260 ## - PUBLICATION, DISTRIBUTION, ETC. | |
| Date of publication, distribution, etc. | 2015 |
| Place of publication, distribution, etc. | New Delhi |
| Name of publisher, distributor, etc. | McGraw Hill Education(India) Private Limited |
| 300 ## - PHYSICAL DESCRIPTION | |
| Extent | 702 |
| 650 ## - SUBJECT ADDED ENTRY--TOPICAL TERM | |
| Topical term or geographic name entry element | Computer Engineering |
| 700 ## - ADDED ENTRY--PERSONAL NAME | |
| Personal name | Mukhopadhyay,Debdeep |
| 942 ## - ADDED ENTRY ELEMENTS (KOHA) | |
| Koha item type | Book |
| Withdrawn status | Lost status | Damaged status | Not for loan | Collection | Home library | Current library | Date acquired | Total checkouts | Full call number | Barcode | Date last seen | Date last checked out | Price effective from | Koha item type |
|---|---|---|---|---|---|---|---|---|---|---|---|---|---|---|
| MRSPTU Central Library | MRSPTU Central Library | 2 | 4.6 FO-C | 19310 | 09/06/2024 | 08/14/2024 | 08/17/2023 | Book | ||||||
| MRSPTU Central Library | MRSPTU Central Library | 2 | 4.6 FO-C | 19311 | 12/13/2024 | 09/13/2024 | 08/17/2023 | Book | ||||||
| MRSPTU Central Library | MRSPTU Central Library | 4.6 FO-C | 19312 | 08/17/2023 | 08/17/2023 | Book | ||||||||
| MRSPTU Central Library | MRSPTU Central Library | 4 | 4.6 FO-C | 19313 | 11/20/2024 | 10/23/2024 | 08/17/2023 | Book | ||||||
| MRSPTU Central Library | MRSPTU Central Library | 1 | 4.6 FO-C | 19314 | 01/09/2025 | 08/22/2024 | 08/17/2023 | Book | ||||||
| MRSPTU Central Library | MRSPTU Central Library | 4.6 FO-C | 19315 | 08/17/2023 | 08/17/2023 | Book | ||||||||
| MRSPTU Central Library | MRSPTU Central Library | 4 | 4.6 FO-C | 19316 | 12/16/2024 | 11/28/2024 | 08/17/2023 | Book | ||||||
| MRSPTU Central Library | MRSPTU Central Library | 4.6 FO-C | 19317 | 08/17/2023 | 08/17/2023 | Book | ||||||||
| MRSPTU Central Library | MRSPTU Central Library | 4.6 FO-C | 37403 | 08/17/2023 | 08/17/2023 | Book | ||||||||
| MRSPTU Central Library | MRSPTU Central Library | 4.6 FO-C | 37404 | 08/17/2023 | 08/17/2023 | Book | ||||||||
| MRSPTU Central Library | MRSPTU Central Library | 1 | 4.6 FO-C | 37405 | 12/21/2023 | 12/04/2023 | 08/17/2023 | Book | ||||||
| MRSPTU Central Library | MRSPTU Central Library | 2 | 4.6 FO-C | 37406 | 02/17/2026 | 02/02/2026 | 08/17/2023 | Book | ||||||
| MRSPTU Central Library | MRSPTU Central Library | 2 | 4.6 FO-C | 37407 | 05/21/2024 | 05/13/2024 | 08/17/2023 | Book |
